00538nam a2200193 a 4500001001300000003000900013005001700022008004100039020000800080082001500088100001600103245005300119260004400172300000800216500003500224505005000259650001900309700001600328nice12345678IN_TiNIC20260116011349.0050524s1964 luca grp 000 0 eng  ac000a248.4bSUT aSutton, Jim aLetters to a Friend on Living the Christian Life aLucknowbLucknow Publishing Housec1964 a85p aincludes index and biblioraphy2 aacademy of islamic research and publications. aChristian-Life1 aSutton, Jim